000 00609nam a2200253Ia 4500
005 20260121160045.0
008 008 260114s9999 xx 000 0 eng d
020 _a9781315206486
037 _aEBOOK
040 _aCRL
040 _beng
040 _cCRL
041 _2eng
041 _aeng
084 _qCRL
100 _a Veronica M. F. Adamson
_91027189
245 4 _aThe Aesthetic Experience of Dying
260 _bTaylor and Francis
260 _c2018
856 _uhttp://www.taylorfrancis.com/books/9781315206486
942 _cEBOOK
999 _c1594008
_d1594008